[Event "Mephisto Cup (40/120')"]
[Site "?"]
[Date "2012.??.??"]
[Round "9"]
[White "Mephisto ARM2, RISC 1.2."]
[Black "Mephisto ARM2, RISC 2.0."]
[Result "0-1"]
[WhiteElo "2263"]
[BlackElo "2241"]
[Annotator "xchessg"]
[PlyCount "123"]
[SourceDate "2009.11.09"]

1. e4 e5 2. Nf3 Nf6 3. Nxe5 d6 4. Nf3 Nxe4 5. d4 d5 6. Bd3 Bd6 7. O-O O-O 8. c4
c6 9. Nc3 Nxc3 10. bxc3 dxc4 11. Bxc4 Bg4 12. Qd3 Bh5 13. Bg5 Qc7 (13... Qa5 $5
14. Bh4 Nd7 15. Rae1 Bg6 16. Qd2 Rae8 17. Bg3 Bxg3 18. hxg3 Nf6 19. Rxe8 Rxe8
20. Ne5 Nd5 21. Rc1 Bf5 22. Bb3 Be6 $11 {Boll-M.Schaefer, corr. 1983-92}) 14.
Rae1 Nd7 15. Be7 Bxe7 16. Rxe7 Qd6 17. Rfe1 b5 18. Bb3 {[%eval 89,0]
*Turnierbuch;} Nf6 {[%eval -75,0] *Turnierbuch;} (18... Bg6 19. Qe2 a5 20. c4
$1 $16 {Chandler-Barua, Thessaloniki ol 1988}) 19. Nh4 Rae8 20. Nf5 {[%eval 61,
0] a Tempo;} Rxe7 {[%eval -27,0]} 21. Rxe7 Qa3 22. Re1 Bg6 23. Qf3 {a Tempo}
Bxf5 24. Qxf5 a5 25. Qc5 {[%eval -41,0]} Qxc5 {[%eval 54,0]} 26. dxc5 Nd7 27.
Re7 Nxc5 28. Bc2 g6 {a Tempo} 29. f3 Rd8 30. Kf1 {[%eval -78,0]} Kg7 {[%eval
91,0]} 31. Ke2 Kf6 32. Rc7 {a Tempo} Rd6 33. Ra7 a4 34. Ke3 Nd7 35. c4 {[%eval
-80,0]} Nb6 {[%eval 95,0]} 36. cxb5 cxb5 37. Bd3 b4 38. Kd2 h5 39. h4 Nd5 {a
Tempo} 40. g3 Nc3 {[%eval 121,0] a Tempo;} 41. Ke3 b3 {a Tempo} 42. axb3 axb3
43. Rb7 b2 44. Bc2 Nd5+ {a Tempo} 45. Ke2 Nb6 {a Tempo} 46. Bb1 Nc4 47. Bd3 {
a Tempo} Rb6 48. Rxb6+ Nxb6 {a Tempo} 49. Kd2 Nd5 {a tempo} 50. Bb1 {[%eval
-89,0]} Ne7 {[%eval 109,0]} 51. g4 Ke5 52. gxh5 gxh5 {a tempo} 53. Kc2 Nf5 54.
Kxb2 Nxh4 55. Ba2 {[%eval -221,0]} Kf6 {[%eval 246,0]} 56. Kc3 Nxf3 57. Bd5 Ng5
58. Kd4 Kf5 59. Ke3 Kg4 60. Kf2 {[%eval -274,0]} h4 {[%eval 289,0] a Tempo;}
61. Bc4 f5 62. Be2+ {[%eval -315,0]} 0-1

[Event "Mephisto Cup (40/120')"]
[Site "?"]
[Date "2012.??.??"]
[Round "10"]
[White "Mephisto ARM2, RISC 2.0."]
[Black "Mephisto ARM2, RISC 1.2."]
[Result "0-1"]
[WhiteElo "2241"]
[BlackElo "2263"]
[Annotator "xchessg"]
[PlyCount "103"]
[SourceDate "2009.11.09"]

1. e4 e5 2. Nf3 Nf6 3. Nxe5 d6 4. Nf3 Nxe4 5. d4 d5 6. Bd3 Bd6 7. O-O O-O 8. c4
c6 9. Nc3 Nxc3 10. bxc3 dxc4 11. Bxc4 Bg4 12. Qd3 Bh5 13. Bg5 Qc7 14. Rae1 Nd7
15. Be7 Bxe7 16. Rxe7 Qd6 17. Rfe1 b5 18. Bb3 {[%eval 89,0] *Turnierbuch;} Nf6
{[%eval -91,0] *Turnierbuch;} 19. Qf5 a5 20. c4 {[%eval 43,0]} a4 {[%eval -14,
0]} 21. Bd1 bxc4 22. Qc2 c3 23. R7e5 Bxf3 24. Bxf3 Qxd4 25. R5e3 {[%eval -37,0]
} Nd5 26. Bxd5 cxd5 27. Rd1 Qb4 28. Rh3 Qe4 29. Rxc3 Qxc2 {a Tempo} 30. Rxc2 {
[%eval -51,0]} Rfc8 31. Rcd2 Ra5 32. g4 Rd8 33. Rd4 {a Tempo} Kf8 34. f4 Ke7
35. Rb4 Kd6 {[%eval 86,0] a Tempo;} 36. Rb6+ Kc7 37. Rb4 Rd6 38. Rdb1 Ra7 39.
Kf2 Rc6 40. Ke3 {[%eval -72,0]} Rc2 {[%eval 92,0]} 41. R1b2 {a Tempo} Rxb2 42.
Rxb2 Kc6 43. Rb4 Kc5 44. Rb8 Re7+ 45. Kd3 {[%eval -151,0]} Re4 {[%eval 185,0]
a Tempo;} 46. Rc8+ Kb4 47. Rg8 g6 48. Rd8 {a Tempo} Rxf4 49. Rxd5 Rxg4 50. Rd7
{[%eval -250,0]} Rh4 {[%eval 328,0]} 51. Rxf7 Rxh2 52. Rf4+ {[%eval -330,0]}
0-1

[Event "Mephisto Cup (40/120')"]
[Site "?"]
[Date "2012.??.??"]
[Round "1"]
[White "Mephisto ARM2, RISC 2.0."]
[Black "Mephisto 68030, London"]
[Result "1/2-1/2"]
[WhiteElo "2241"]
[BlackElo "2270"]
[Annotator "xchessg"]
[PlyCount "139"]
[SourceDate "2009.11.09"]

1. d4 d5 {[%eval 25,0] Stil Aktiv; RF} 2. c4 c6 3. Nf3 Nf6 4. Nc3 dxc4 5. a4
Bf5 6. e3 e6 7. Bxc4 Bb4 8. O-O Nbd7 9. Nh4 Bg6 10. Nxg6 hxg6 11. h3 O-O 12.
Qb3 {[%eval 20,0] *Turnierbuch;} Qb6 13. Rd1 Rad8 14. Bd2 a5 15. Qc2 c5 16. Nb5
Bxd2 17. Rxd2 cxd4 18. Rxd4 Ne5 {[%eval 6,0] *Turnierbuch normal;} 19. Rxd8
Rxd8 20. Bb3 {[%eval 22,0]} Qc6 {[%eval 6,0]} 21. Rd1 Rxd1+ 22. Qxd1 Ned7 23.
Bc2 Qc4 24. Bd3 Qb4 25. b3 {[%eval 12,0] a Tempo;} Ne5 {[%eval 3,0]} 26. Bc2
Nc6 27. Nd6 Kf8 28. Nc4 Ke7 29. Kh2 Qc5 30. Qf3 {[%eval 27,0]} Kf8 {[%eval -6,
0]} 31. Qf4 e5 32. Qh4 {a Tempo} Kg8 33. Bd1 {a Tempo} Qb4 34. Qg3 Qc3 35. Qf3
e4 {[%eval 30,0]} 36. Qe2 {[%eval 9,0]} Nb4 37. Kg1 Nd3 38. Qd2 {a Tempo} Nd5
39. Bc2 Qa1+ 40. Kh2 {[%eval 9,0]} N5b4 {[%eval 36,0] a Tempo;} 41. Bxd3 exd3
42. e4 Qa2 43. Qxa2 Nxa2 44. Kg3 Nc1 {a Tempo} 45. Kf4 {[%eval 2,0]} Nxb3 {
[%eval -3,0]} 46. Ke3 Nc5 47. Nxa5 Kf8 48. Nc4 Nxa4 49. Kxd3 Nc5+ 50. Kd4 Ne6+
51. Ke3 b5 52. Nb2 Ke7 53. Nd3 Kd6 54. h4 g5 55. hxg5 Nxg5 56. f3 Ne6 57. f4 f6
58. Kd2 Nc5 59. Ke3 Nxd3 60. Kxd3 {[%eval -4,0]} Kc5 61. Kc3 b4+ 62. Kd3 b3 63.
Kc3 b2 64. Kxb2 Kd4 {a Tempo} 65. e5 {[%eval 0,0]} fxe5 {a Tempo} 66. fxe5 Kxe5
{a Tempo} 67. Kc3 g5 68. Kc2 Kf4 69. Kd3 g4 70. Ke2 {[%eval 0,0]} 1/2-1/2

[Event "Mephisto Cup (40/120')"]
[Site "?"]
[Date "2012.??.??"]
[Round "2"]
[White "Mephisto 68030, London"]
[Black "Mephisto ARM2, RISC 2.0."]
[Result "1/2-1/2"]
[WhiteElo "2270"]
[BlackElo "2241"]
[Annotator "xchessg"]
[PlyCount "66"]
[SourceDate "2009.11.09"]

{Stil Aktiv; RF +.25} 1. c4 c6 2. Nc3 d5 3. cxd5 cxd5 4. d4 Nf6 5. Nf3 Nc6 6.
Bf4 Bf5 7. e3 e6 8. Bb5 Nd7 9. Qa4 Rc8 10. O-O a6 11. Bxc6 Rxc6 12. Rfc1 Be7
13. Nd1 b5 14. Qb3 Rc4 15. Nd2 Qa5 16. Nc3 Rb4 17. Nxd5 Rxb3 18. Rc8+ Bd8 19.
Bc7 O-O 20. Bxa5 Rxb2 {[%eval 22,0] *Turnierbuch;} 21. Rxd8 {[%eval -12,0]
*Turnierbuch normal;} exd5 {a Tempo} 22. Rxf8+ Nxf8 {a Tempo} 23. a3 Rc2 {a
Tempo} 24. Nb3 Ne6 25. Rc1 {[%eval 0,0] a Tempo;} Rc4 {[%eval 1,0]} 26. f3 Kf8
27. Rc3 Ke7 28. Nc5 Nxc5 29. dxc5 Kd7 30. Bb4 {[%eval -21,0]} h5 {[%eval 10,0]}
31. Kf2 Kc6 32. Ke2 g5 33. h3 h4 1/2-1/2

[Event "Mephisto Cup (40/120')"]
[Site "?"]
[Date "2012.??.??"]
[Round "3"]
[White "Mephisto ARM2, RISC 2.0."]
[Black "Mephisto 68030, London"]
[Result "1/2-1/2"]
[WhiteElo "2241"]
[BlackElo "2270"]
[Annotator "xchessg"]
[PlyCount "148"]
[SourceDate "2009.11.09"]

1. e4 c5 {[%eval 25,0] Stil Aktiv; RF} 2. Nf3 Nc6 3. d4 cxd4 4. Nxd4 g6 5. c4
Bg7 6. Be3 Nf6 7. Nc3 Ng4 8. Qxg4 Nxd4 9. Qd1 Ne6 10. Rc1 b6 11. Bd3 {
*Turnierbuch; 0.00, Version 1.2 zieht hier b2-b4} Bb7 12. O-O O-O {[%eval 36,0]
*Turnierbuch, Modern;} 13. Qd2 Nc5 14. Bc2 {a Tempo} Rc8 15. Rfd1 {[%eval 27,0]
a Tempo;} d6 {[%eval 30,0]} 16. Bh6 Ne6 {a Tempo} 17. Bxg7 Nxg7 18. Bb3 $6 Qd7
19. Qh6 Rc5 20. Nd5 {[%eval 34,0] a Tempo;} Rfc8 21. Rd3 {a Tempo} Bxd5 {
[%eval 24,0]} 22. Rxd5 Qe6 23. Re1 Qf6 24. Rd2 Ne6 25. Qe3 a6 {a Tempo} 26.
Red1 R8c7 27. g3 Qe5 28. f4 Qf6 29. a3 b5 30. cxb5 Rxb5 {a Tempo; 0.33;
Totalzeit 1.20'} 31. a4 {Totalzeit 1.25'} Rbc5 32. Qe2 a5 33. Kh1 R7c6 34. Bd5
Rb6 35. e5 {0.79; Zeit 1.43'} dxe5 {0.0; Zeit 1.39'} 36. fxe5 Qg5 37. Rf1 Rb8
38. Rdd1 Rcc8 39. b3 Rf8 40. Qe1 {[%eval 83,0]} Qh5 $2 41. Qxa5 Qxe5 42. Qe1
Qxe1 43. Rfxe1 Nc7 44. Bc4 e6 {a Tempo} 45. Kg2 {[%eval 92,0]} Rfc8 {[%eval
-60,0]} 46. Re3 Ne8 47. a5 Nf6 48. Rf1 Nd7 49. Ra1 Rb4 50. Kf3 {[%eval 73,0]}
Ra8 {[%eval -36,0]} 51. Ke4 {a Tempo} Nb6 52. Rc3 Nxc4 53. bxc4 Ra6 54. Kd3 Kg7
55. c5 {[%eval 47,0]} Rb7 {[%eval -30,0]} 56. Kd4 f6 57. c6 (57. Kc4 Kf7 58.
Rb3 $140 $18) 57... Rc7 58. Rc5 Kf7 59. Ke4 $2 (59. Kc4 Ke7 60. Kb5 Ra8 61. a6
Rb8+ 62. Ka5 $18) 59... Ke7 60. Rc3 g5 61. g4 {[%eval 2,0]} Kd6 62. Rd1+ Ke7 {
[%eval 0,0] a Tempo;} 63. Rh3 Ke8 64. Rf1 {a Tempo} Raxc6 65. Rxf6 Ra6 {a Tempo
} 66. Rfh6 Rc4+ 67. Ke5 Rxa5+ 68. Kf6 Rf4+ {a Tempo} 69. Kxe6 Rb4 {a Tempo} 70.
Kd6 Rb6+ {a Tempo} 71. Kc7 {a tempo} Rxh6 72. Rxh6 {a Tempo} Kf8 73. Kb6 Ra4
74. Rxh7 {a Tempo} Rxg4 1/2-1/2

[Event "Mephisto Cup (40/120')"]
[Site "?"]
[Date "2012.??.??"]
[Round "4"]
[White "Mephisto 68030, London"]
[Black "Mephisto ARM2, RISC 2.0."]
[Result "0-1"]
[WhiteElo "2270"]
[BlackElo "2241"]
[Annotator "xchessg"]
[PlyCount "124"]
[SourceDate "2009.11.09"]

{Stil Aktiv, RF} 1. Nf3 d5 2. g3 c6 3. Bg2 Bg4 4. O-O Nf6 5. d3 Nbd7 {[%eval
21,0] *Turnierbuch;} 6. Nbd2 e5 7. c4 Bd6 8. cxd5 cxd5 9. h3 Be6 {[%eval 28,0]}
10. Ng5 {[%eval 21,0] *Turnierbuch, Modern;} O-O {[%eval 37,0]} 11. Ndf3 Rc8 {
a tempo} 12. Nxe6 fxe6 {a tempo} 13. Be3 d4 14. Bc1 Nd5 15. Ng5 {[%eval 66,0]}
Qe7 {[%eval 22,0]} 16. Ne4 {a tempo} h6 17. Nxd6 Qxd6 18. Qb3 Nc5 19. Qc4 Rc7
20. a3 {[%eval 54,0]} Rfc8 {[%eval 92,0]} 21. Rd1 Ne7 22. Bd2 Qb6 {a tempo} 23.
Qb4 Nb3 24. Qxb6 {a tempo} axb6 {a tempo} 25. Rab1 {[%eval 12,0]} Nd5 {[%eval
71,0]} 26. e4 Nf6 27. Bb4 Rc2 {a tempo} 28. Bf3 Kf7 29. Kf1 {a tempo} g6 30. h4
{[%eval 6,0]} h5 {[%eval 93,0]} 31. Be2 b5 32. Re1 {a tempo} Nc1 33. Bd6 Nd7
34. f4 {a tempo} Kf6 35. Bb4 {[%eval -21,0]} exf4 {[%eval 80,0]} 36. gxf4 {a
tempo} e5 37. Bd2 Nxd3 {a tempo} 38. Bxd3 Rxd2 39. Bxb5 Nf8 40. fxe5+ {-1.12;
Totalzeit 1.42'} Kxe5 {1.39; Totalzeit 1.40'} 41. Re2 Rcc2 42. a4 Rxe2 43. Bxe2
{a tempo} Ne6 44. b4 {a tempo} Nf4 45. Bf3 {[%eval -233,0] a tempo;} Rh2 {
[%eval 227,0]} 46. Rc1 Nd3 47. Kg1 Rb2 48. Rd1 Nxb4 {a tempo} 49. Re1 Na2 50.
Be2 {[%eval -275,0]} Nc3 51. Bc4 {a tempo} Rb4 52. Bf1 {[%eval -315,0]} Rxa4 {
[%eval 321,0]} 53. Bd3 Ra2 54. Bc4 {[%eval -369,0]} Rb2 55. Bf1 {[%eval -351,0]
} b5 56. Ra1 {[%eval -372,0]} Kxe4 57. Re1+ Kf5 58. Bd3+ Kg4 59. Re5 Kxh4 60.
Bxg6 {[%eval -378,0]} Ne2+ {[%eval 431,0]} 61. Kf1 {a tempo} Nf4 62. Bf5 b4 0-1

[Event "Mephisto Cup (40/120')"]
[Site "?"]
[Date "2012.??.??"]
[Round "5"]
[White "Mephisto ARM2, RISC 2.0."]
[Black "Mephisto 68030, London"]
[Result "1-0"]
[WhiteElo "2241"]
[BlackElo "2270"]
[Annotator "xchessg"]
[PlyCount "92"]
[SourceDate "2009.11.09"]

1. e4 e5 {[%eval 25,0] Stil riskant; RF} 2. Nf3 Nc6 3. Bc4 Nf6 4. d3 Be7 5. Bb3
d5 {[%eval 45,0] *Turnierbuch, Mensch;} 6. Nbd2 Bg4 7. h3 {[%eval -7,0]
*Turnierbuch;} Bh5 8. exd5 Nxd5 {a tempo} 9. O-O O-O 10. Ba4 {[%eval 0,0]} f6 {
[%eval 30,0]} 11. Bxc6 bxc6 {a tempo} 12. Re1 Rb8 13. Ne4 {a tempo} Nb4 14. g4
{a tempo} Bg6 15. a3 Nd5 {a tempo} 16. Nh4 {[%eval -2,0]} Bf7 {[%eval 27,0]}
17. d4 {a tempo} Re8 18. b3 Bf8 19. dxe5 Rxe5 {a tempo} 20. Qf3 {[%eval 25,0]}
h5 {[%eval -15,0]} 21. c4 hxg4 22. hxg4 {a tempo} Nb6 23. Be3 Ra5 24. b4 Ra4 {
a tempo} 25. c5 {[%eval 48,0]} Nc4 {[%eval -21,0]} 26. Bf4 Qd7 {a tempo} 27.
Nf5 Bd5 {a tempo} 28. Qb3 Ra6 {a tempo} 29. Qd3 Re8 {a tempo} 30. f3 {[%eval
43,0]} Be6 {[%eval -9,0]} 31. Qc3 Ra4 32. Nf2 {a tempo} Ra6 33. a4 Qf7 34. Nd4
{a tempo} Bd5 35. Rxe8 {[%eval 86,0] a tempo;} Qxe8 {[%eval -30,0]} 36. Bxc7
Qe7 37. Bg3 Qe8 38. Re1 Qg6 39. a5 Qf7 40. Ne4 {[%eval 140,0]} Qd7 {[%eval
-100,0]} 41. Re2 Be7 42. Rh2 Ne5 43. Bxe5 {[%eval 249,0]} fxe5 {[%eval -200,0]}
44. Nf5 Qd8 {a tempo} 45. Ned6 {[%eval 384,0]} Bf6 {[%eval -403,0]} 46. Qd3
Rxa5 1-0

[Event "Mephisto Cup (40/120')"]
[Site "?"]
[Date "2012.??.??"]
[Round "6"]
[White "Mephisto 68030, London"]
[Black "Mephisto ARM2, RISC 2.0."]
[Result "1/2-1/2"]
[WhiteElo "2270"]
[BlackElo "2241"]
[Annotator "xchessg"]
[PlyCount "158"]
[SourceDate "2009.11.09"]

{Stil Riskant; RF 0.25; B+D+T 1%, L+S 100%, Sel 10} 1. e4 c5 2. c3 d5 3. exd5
Qxd5 4. d4 e6 5. Nf3 Nc6 6. Na3 Nf6 7. Be2 Qd8 8. Nc2 Be7 9. O-O O-O 10. Bg5
cxd4 11. Ncxd4 {Voelschow,Michael: '*'} Bd7 {Voelschow,Michael: '*'} 12. Bc4 $6
{*Turnier, mensch; 0.42; Unnaturlicher Zug. Der Laufer steht hier nicht gut.} (
12. Rc1 $142 Rc8 13. Nb5 Nd5 14. Qd2 Qa5 15. c4 Bxg5 16. Qxg5 h6 17. Qg3 Nde7
18. Nd6 Nf5 19. Nxf5 exf5 20. a3 Be6 21. Rfd1 Rfd8 22. Rxd8+ Rxd8 23. Qf4 g5
24. Qe3 f4 25. Qc3 Qxc3 26. Rxc3 g4 27. Ne1 Ne5 28. b3 Bf5 29. f3 Rd2 30. Kf1
h5 31. g3 fxg3 32. hxg3 Kg7 33. c5 Nc6 34. b4 Nd4 35. Re3 Be6 36. Bd3 Kf6 37.
fxg4 hxg4 38. Re4 Nf5 39. Rf4 Ra2 40. Bxf5 Bxf5 41. Nf3 gxf3 42. g4 Rxa3 43.
Rxf5+ Ke7 44. Re5+ Kf8 45. Re1 Rb3 46. Re4 Rb2 47. Rf4 Kg7 48. Kg1 Kg6 49. g5
Kxg5 50. Rxf7 Rxb4 51. Rxf3 a5 52. Rc3 a4 $2 (52... Kf5 53. Kf2 Ke4 54. Ke2 Kd5
55. c6 bxc6) 53. c6 bxc6 54. Rxc6 Rb2 55. Rc5+ Kg6 {+1,95} 56. Ra5 Ra2 57. Kf1
Kf6 58. Ke1 {-0,15} Ke6 {0,04.1/2-1/2 Berlin Pro,M-Risc 2,M/Rostock 2003/
[Voelschow,Michael] (58)}) 12... Nxd4 {[%eval 3,0] *Turnierbuch;} 13. Qxd4 Bc6
14. Qxd8 Rfxd8 15. Ne5 h6 {a tempo} 16. Nxc6 bxc6 17. Bf4 g5 $5 18. Be3 Nd5 19.
Bxd5 {sehe 12e Zug; Der "Grosstauscher" an der Arbeit. Braucht man solch ein
Partie weiterzuspielen? Die Partie lies ich mitlaufen zusammen mit andere
Partien, und schliesslich stellte sich heraus, das das London Program
positionell nicht sooo stark ist wie man algemein behauptet.} cxd5 20. Rad1 {
[%eval -9,0] Der falsche Turm} (20. Rfd1) 20... Rdc8 {[%eval 21,0] a tempo;}
21. Rfe1 Kg7 22. Re2 Bc5 23. Bxc5 Rxc5 {a tempo} 24. g4 $6 {ein hara-kiri Zug,
kaum zu glauben.} Ra5 25. a3 {[%eval -18,0]} Rb8 26. Rd4 {a tempo} Rab5 $15 27.
Rb4 Kf6 28. Kg2 e5 (28... Rxb4 29. axb4 Rc8 $15) 29. f3 Ke6 30. Rxb5 {[%eval
-9,0]} Rxb5 {[%eval 45,0]} 31. a4 $6 {Wieder so ein bauer(ver)stoss...} Rb6 32.
Rd2 Rd6 33. Kf2 d4 {a tempo} 34. Ke2 Kd5 35. h3 {[%eval -48,0]} Ra6 {[%eval 71,
0]} 36. b3 {a tempo} Rb6 37. c4+ {a tempo} Kc5 38. Rd3 {a tempo} h5 {sehe 24e
Zug} 39. Kf2 {a tempo} a6 40. Ke1 {[%eval -69,0]} Rh6 {[%eval 116,0]} 41. Ke2
hxg4 42. hxg4 {a tempo} Rh2+ 43. Kd1 Rb2 {a tempo} 44. Kc1 Re2 45. Kd1 Rf2 46.
Kc1 {[%eval -72,0]} f6 {[%eval 115,0]} 47. Kd1 a5 48. Kc1 Rh2 {a tempo} 49. Kd1
Rg2 50. Rd2 {[%eval -118,0]} Rg3 {[%eval 90,0] Hier habe ich die partie
geloescht auf das London Modulset, weiter gespielt met 3' durschnittlich/Z} 51.
Rf2 Rg1+ 52. Kc2 Kb4 53. Rd2 Ra1 {a tempo} 54. Rd3 Rh1 55. Rd1 {[%eval -84,0]}
Rh3 {[%eval 83,0]} 56. Rd3 Ka3 57. Kc1 {a tempo Schwarz steht deutlich besser,
aber wie geht's weiter?} e4 $6 {Aktiv und gut, aber vielleicht noch nicht das
starkste} (57... f5 $5 58. gxf5 g4 59. f6 g3 60. f7 Rh8 61. Rd2 Kxb3 62. Rg2
Kc3 63. Rc2+ Kb4 64. Rg2 Rf8 65. Rxg3 Rxf7 $19) 58. Rxd4 {a tempo} Kxb3 $2 {
Vergebt dem verdienten Sieg.} (58... exf3 $1 59. Kd2 Kxb3 60. c5 f2 $17) 59.
fxe4 Rc3+ 60. Kd2 {[%eval -139,0] a tempo;} Rxc4 {[%eval 123,0]} 61. Rd3+ $6 ({
Deutlicher ist} 61. Rd5 Rxe4 (61... Kxa4 62. Kd3 Rc6 63. e5 fxe5 64. Rxe5 Rg6
$11) 62. Rxa5 Rxg4 63. Rf5 Rd4+ 64. Ke3 Rd6 65. a5 $14) 61... Kxa4 62. Ke3 Rc6
63. Rd7 Ka3 64. Re7 a4 65. e5 Kb2 (65... fxe5 66. Rxe5 Rc3+) 66. Rb7+ Ka2 67.
exf6 Rxf6 {a tempo} 68. Rb5 {[%eval -163,0]} a3 {[%eval 107,0]} 69. Rxg5 {a
tempo} Rb6 70. Rd5 Kb3 71. Rd3+ Kb2 72. Rd2+ Kc1 73. Rg2 {[%eval -293,0]} Ra6 {
[%eval 342,0]} 74. g5 {a tempo} a2 75. Rxa2 $1 {[%eval -284,0] a tempo;} Rxa2 {
[%eval 346,0]} 76. Kf4 {[%eval -157,0]} Ra4+ {[%eval 260,0]} 77. Kf5 Ra5+ {a
tempo} 78. Kf6 {[%eval 0,0]} Ra6+ {[%eval 191,0] a tempo;} 79. Kf5 Kd2 {[%eval
0,0]} 1/2-1/2

[Event "Mephisto Cup (40/120')"]
[Site "?"]
[Date "2012.??.??"]
[Round "8"]
[White "Mephisto 68030, London"]
[Black "Mephisto ARM2, RISC 2.0."]
[Result "1-0"]
[WhiteElo "2270"]
[BlackElo "2241"]
[Annotator "xchessg"]
[PlyCount "144"]
[SourceDate "2009.11.09"]

{Stil Riskant, Figuren 80%, Bauer 70%, Contempt} 1. Nf3 d5 {Turnierstufe} 2. c4
c6 3. b3 Nf6 4. Bb2 Bf5 5. g3 e6 6. Bg2 Nbd7 7. O-O {[%eval 3,0] *Turnierbuch,
Modern; eval} Bd6 8. Nc3 O-O {*Turnierbuch} 9. d4 Re8 10. e3 {[%eval 43,0] eval
} Rc8 {[%eval 3,0] eval} 11. Rc1 Ne4 12. Nh4 Ndf6 13. Nxf5 exf5 14. c5 Bc7 15.
Bh3 g6 16. Nxe4 Nxe4 17. Bg2 Qe7 18. Qc2 Rcd8 19. a3 a5 20. Rfe1 {[%eval 39,0]
eval} f6 {[%eval -12,0] eval} 21. Bc3 Ra8 22. Qd3 a4 23. b4 Qd7 24. Bd2 Re7 25.
Red1 {[%eval 84,0] eval} Kh8 {eval+0.03} 26. b5 cxb5 27. Rb1 Nxd2 28. Qxd2 Ba5
29. Qb2 Qc6 30. Qxb5 {[%eval 148,0] eval} Kg7 {[%eval 21,0] eval} 31. Rdc1 Ra6
32. Rb2 Ra8 33. Qe2 Ra6 34. Rb5 Kh8 35. Rcb1 {[%eval 196,0] eval} Ra7 {[%eval
-71,0] eval} 36. Qc2 Bc7 37. Qa2 Rd7 38. Qd2 Re7 39. Qb2 Ba5 40. Qa2 {[%eval
196,0] eval} Rd7 {[%eval -72,0] eval} 41. Qc2 Bc7 42. Qd1 Re7 43. Qd2 Re8 44.
Qb4 Rb8 45. Bf3 h6 46. Bh1 Kh7 47. Bg2 Kg7 48. Rb2 Kh8 49. Bf3 Kh7 50. Kh1 {
[%eval 192,0] eval} Kh8 {[%eval -80,0] eeval} 51. Rb1 Kg7 52. Kg2 Kh7 53. Qb2
Ba5 54. Qc2 Bc7 55. R1b4 Ra5 {[%eval -114,0] eval} 56. Rxa5 Bxa5 57. Rxa4 b6
58. Qb3 Rd8 59. cxb6 Qxb6 60. Qxb6 Bxb6 61. Ra6 Rd6 62. a4 Bc5 {[%eval -243,0]
eval} 63. Rxd6 {[%eval 227,0] eval} Bxd6 64. a5 Bc7 65. a6 Bb8 66. Bxd5 Kg7 67.
Kf3 Kf8 68. h4 Ke7 69. Bg8 Kf8 70. Bh7 Kg7 71. h5 Kxh7 72. d5 gxh5 {aufgabe}
1-0

[Event "Mephisto Cup (40/120')"]
[Site "?"]
[Date "2012.??.??"]
[Round "7"]
[White "Mephisto ARM2, RISC 2.0."]
[Black "Mephisto 68030, London"]
[Result "0-1"]
[WhiteElo "2241"]
[BlackElo "2270"]
[Annotator "xchessg"]
[PlyCount "127"]
[SourceDate "2009.11.09"]

1. c4 c5 {[%eval 25,0] Stil Riskant, Bauer 70%, Figuren 80%, Remisfaktor} 2.
Nc3 Nc6 3. Nf3 Nf6 4. g3 g6 5. Bg2 Bg7 6. O-O O-O 7. d4 cxd4 8. Nxd4 Nxd4 9.
Qxd4 d6 10. Qd3 Rb8 11. Bf4 {*Turnierbuch} Qa5 {*Turnier, Modern} 12. Rfc1 b6
13. Nb5 Ng4 14. Bd2 Qa6 15. Nc7 Qa4 16. Nd5 Qd7 17. Bc3 Ne5 18. Qe3 e6 19. Bxe5
dxe5 20. Nc3 Qd4 21. Nb5 Qxe3 22. fxe3 a6 23. Nd6 e4 24. Rc2 f5 25. Rd1 Be5 26.
Rcd2 Bb7 27. Nxb7 Rxb7 28. b3 b5 29. cxb5 axb5 30. Rc1 Ra8 31. Rc5 Bf6 32. Kf2
Be7 33. Rcc2 Kf7 34. Rc6 Rba7 35. Rcc2 b4 36. Bh1 h5 37. Bg2 Bf6 38. Rc6 Be5
39. Rb6 Re7 40. Rc2 Bc3 41. Rc6 Ra3 42. h3 Rea7 43. g4 hxg4 44. hxg4 Rxa2 45.
Rc7+ Kf6 46. Rxa7 Rxa7 47. Rc1 Ra3 48. Rb1 Be5 49. Kf1 Kg5 50. gxf5 exf5 51.
Kf2 Kf6 52. Kg1 g5 53. Rf1 Kg6 54. Rb1 g4 55. Kf1 Kg5 56. Kg1 Bb8 57. Kf1 Kh4
58. Kf2 g3+ 59. Ke1 Ba7 60. Kd2 Ra2+ 61. Ke1 Bxe3 62. Kf1 Bf2 63. Rd1 Rb2 64.
Rc1 {aufgabe} 0-1